<?xml version="1.0" encoding="UTF-8"?>
<marc:record xmlns:marc="http://www.loc.gov/MARC21/slim">
   <marc:leader>00000nam a2200000 a 4500</marc:leader>
   <marc:datafield ind1="1" ind2=" " tag="100">
      <marc:subfield code="a">Dawson, Sophie</marc:subfield>
      <marc:subfield code="4">ctb</marc:subfield>
      <marc:subfield code="e">Mitwirkende/-r</marc:subfield>
   </marc:datafield>
   <marc:datafield ind1="1" ind2=" " tag="100">
      <marc:subfield code="a">Didcock, Keith</marc:subfield>
      <marc:subfield code="4">ctb</marc:subfield>
      <marc:subfield code="e">Mitwirkende/-r</marc:subfield>
   </marc:datafield>
   <marc:datafield ind1="1" ind2=" " tag="100">
      <marc:subfield code="a">Pow, Sam</marc:subfield>
      <marc:subfield code="4">ctb</marc:subfield>
      <marc:subfield code="e">Mitwirkende/-r</marc:subfield>
   </marc:datafield>
   <marc:datafield ind1="1" ind2=" " tag="100">
      <marc:subfield code="a">Sullivan, Paul</marc:subfield>
      <marc:subfield code="4">ctb</marc:subfield>
      <marc:subfield code="e">Mitwirkende/-r</marc:subfield>
   </marc:datafield>
   <marc:datafield ind1="1" ind2=" " tag="100">
      <marc:subfield code="a">Waters, Richard</marc:subfield>
      <marc:subfield code="4">ctb</marc:subfield>
      <marc:subfield code="e">Mitwirkende/-r</marc:subfield>
   </marc:datafield>
   <marc:datafield ind1="1" ind2=" " tag="100">
      <marc:subfield code="a">Watson, Penny</marc:subfield>
      <marc:subfield code="4">ctb</marc:subfield>
      <marc:subfield code="e">Mitwirkende/-r</marc:subfield>
   </marc:datafield>
   <marc:datafield ind1="1" ind2=" " tag="100">
      <marc:subfield code="a">Grober, Ulrich</marc:subfield>
      <marc:subfield code="4">wpr</marc:subfield>
      <marc:subfield code="e">Writer of preface</marc:subfield>
   </marc:datafield>
   <marc:datafield ind1=" " ind2=" " tag="653">
      <marc:subfield code="a">Campen</marc:subfield>
   </marc:datafield>
   <marc:datafield ind1=" " ind2=" " tag="653">
      <marc:subfield code="a">Urlaub</marc:subfield>
   </marc:datafield>
   <marc:datafield ind1=" " ind2=" " tag="653">
      <marc:subfield code="a">Europa</marc:subfield>
   </marc:datafield>
   <marc:datafield ind1=" " ind2=" " tag="653">
      <marc:subfield code="a">Natur</marc:subfield>
   </marc:datafield>
   <marc:datafield ind1=" " ind2=" " tag="653">
      <marc:subfield code="a">Camping Europa</marc:subfield>
   </marc:datafield>
   <marc:datafield ind1=" " ind2=" " tag="653">
      <marc:subfield code="a">Campingplätze</marc:subfield>
   </marc:datafield>
   <marc:datafield ind1=" " ind2=" " tag="653">
      <marc:subfield code="a">Zelten</marc:subfield>
   </marc:datafield>
   <marc:datafield ind1=" " ind2=" " tag="653">
      <marc:subfield code="a">Draußensein</marc:subfield>
   </marc:datafield>
   <marc:datafield ind1=" " ind2=" " tag="653">
      <marc:subfield code="a">Softcover / Reiseberichte</marc:subfield>
   </marc:datafield>
   <marc:datafield ind1=" " ind2=" " tag="653">
      <marc:subfield code="a">Reiseerzählungen/Europa</marc:subfield>
   </marc:datafield>
   <marc:datafield ind1="0" ind2="0" tag="245">
      <marc:subfield code="a">Cool Camping Europa</marc:subfield>
   </marc:datafield>
   <marc:datafield ind1="0" ind2="0" tag="245">
      <marc:subfield code="b">80 sensationelle Plätze zum Zelten</marc:subfield>
   </marc:datafield>
   <marc:datafield ind1=" " ind2="1" tag="264">
      <marc:subfield code="a">Berlin</marc:subfield>
      <marc:subfield code="b">Haffmans &amp; Tolkemitt</marc:subfield>
      <marc:subfield code="c">2013</marc:subfield>
   </marc:datafield>
   <marc:datafield ind1=" " ind2=" " tag="250">
      <marc:subfield code="a">5., rev. Ausg.</marc:subfield>
   </marc:datafield>
   <marc:datafield ind1="1" ind2=" " tag="520">
      <marc:subfield code="a">Angaben aus der Verlagsmeldung

Cool Camping Europa : 80 sensationelle Plätze zum Zelten Cool Camping: Europe / von Sophie Dawson, Keith Didcock, Sam Pow, Paul Sullivan, Richard Waters, Penny Watson

Campen ist nicht mehr spießig. Raus in die Natur, keine Lust auf Klimaanlage und Frühstücksbuffet. Am Wochenende vor den Toren der Stadt, im Urlaub in eiem anderen Land, am Strand, im Wald, auf einer Wiese beim Bauern, nicht wild campen aber frei, an besonderen Orten unterm Sternenhimmel schlafen und im Morgentau aufwachen. Dieses Buch ruft eine neue Ära des Campens aus, für eine neue Generation.

80 sensationelle Orte zum Campen in ganz Europa, von Berlin Mitte (Tentstation, in einem stillgelegten Freibad 5 Minuten vom Hauptbahnhof) bis Antiparos, von Seefeld am Bodensee bis nach Glavotok in Kroatien, auf einer Insel vor Peniche in Portugal, auf die man nur mit dem Fischerboot kommt, im Tipi in Folbeix, Frankreich, direkt vor der Eigernordwand – die junge Cool-Camping-Redaktion hat nur aufgenommen, was ihren eigenen (und subjektiven) Ansprüchen genügt. In Belgien, so schreiben sie, haben sie einfach keinen guten Ort zum Zelten in ihrem Sinn gefunden, also bleibt die Karte leer: „Wir prüfen persönlich viele hundert Orte zum Zelten sowie Campingplätze, nur die besten werden ins Buch aufgenommen. Wir beurteilen die Orte nicht nach der Anzahl der Duschen oder Steckdosenanschlüsse. Uns interessiert die Lage, der Blick, die Atmosphäre, das Gebiet drum rum – selbst die Philosophie der Eigentümer oder Betreiber. Wir suchen nach der unmessbaren Mischung, die einen gewöhnlichen Campingplatz in einen magischen, besonderen Ort verwandelt, an dem man sein Zelt aufschlagen kann.”
</marc:subfield>
   </marc:datafield>
   <marc:datafield ind1=" " ind2=" " tag="020">
      <marc:subfield code="a">9783942989398</marc:subfield>
      <marc:subfield code="9">9783942989398</marc:subfield>
   </marc:datafield>
   <marc:datafield ind1=" " ind2=" " tag="041">
      <marc:subfield code="a">ger</marc:subfield>
   </marc:datafield>
   <marc:datafield ind1=" " ind2=" " tag="300">
      <marc:subfield code="a">320 S.</marc:subfield>
   </marc:datafield>
</marc:record>
